UBT Library

Financial management and policy / (Record no. 39992)

000 -LEADER
fixed length control field 00654pam a2200229 a 4500
001 - CONTROL NUMBER
control field 1180597
005 - DATE AND TIME OF LATEST TRANSACTION
control field 20180110072637.0
008 - FIXED-LENGTH DATA ELEMENTS--GENERAL INFORMATION
fixed length control field 970514s1998 njua b 001 0 eng
010 ## - LIBRARY OF CONGRESS CONTROL NUMBER
LC control number 97019715
020 ## - INTERNATIONAL STANDARD BOOK NUMBER
International Standard Book Number 0137512236
040 ## - CATALOGING SOURCE
Original cataloging agency DLC
Transcribing agency DLC
Modifying agency DLC
041 ## - LANGUAGE CODE
Language code of text/sound track or separate title eng
080 ## - UNIVERSAL DECIMAL CLASSIFICATION NUMBER
Universal Decimal Classification number 658.15
082 00 - DEWEY DECIMAL CLASSIFICATION NUMBER
Classification number 658.15 HOR
Edition number 21
100 1# - Rafti
Rafti 55
101 ## - Shkurtesa
Shkurtesa MNGF
245 10 - TITLE STATEMENT
Title Financial management and policy /
Statement of responsibility, etc James C. Van Horne.
504 ## - BIBLIOGRAPHY, ETC. NOTE
Bibliography, etc Includes bibliographical references and index.
906 ## - LOCAL DATA ELEMENT F, LDF (RLIN)
a 7
b cbc
c orignew
d 1
e ocip
f 19
g y-gencatlg
942 ## - ADDED ENTRY ELEMENTS (KOHA)
Source of classification or shelving scheme
Item type Books
Holdings
Withdrawn status Lost status Source of classification or shelving scheme Damaged status Not for loan Collection code Permanent location Current location Shelving location Date acquired Total Checkouts Full call number Barcode Date last seen Price effective from Koha item type
          Koleksioni i përgjithshem UBT - Lipjan UBT - Lipjan General Stacks 01/10/2018   658.15 HOR 002-2994850 01/10/2018 01/10/2018 Books
UBT Library © 2015-2024. All rights reserved University Education for Business and Technology